Ο ξένος : μυθιστόρημα

Αποθηκεύτηκε σε:
Λεπτομέρειες βιβλιογραφικής εγγραφής
Κύριος συγγραφέας: Camus, Albert, 1913-1960
Άλλοι συγγραφείς: Καρακίτσου-Douge, Νίκη (trlf), Κασαμπάλογλου-Ρομπλέν, Μαρία (trlf)
Μορφή: Βιβλίο
Γλώσσα:Greek
French
Δημοσίευση: Αθήνα : Καστανιώτης, c1997.
Σειρά:Εικοστός αιώνας
Θέματα:
Ετικέτες: Προσθήκη ετικέτας
Δεν υπάρχουν, Καταχωρήστε ετικέτα πρώτοι!

MARC

LEADER 00000cam a2200000 i 4500
001 1/69932
008 050302s1997 gr | ||| |||| ||gre||
020 |a 9789600321999   |q (χαρτόδετο)  
020 |a 960032199X 
035 |l 10076079 
040 |a GR-MyUa  |b gre  |e AACR2 
041 1 |a gre  |h fre 
082 7 |a 843   |2 (21) 
100 1 |a Camus, Albert,  |d 1913-1960. 
245 1 2 |a Ο ξένος :   |b μυθιστόρημα /   |c Αλμπέρ Καμύ ; μετάφραση από τα γαλλικά Νίκη Καρακίτσου-Ντούζε, Μαρία Κασαμπαλόγλου - Ρομπλέν. 
260 |a Αθήνα :   |b Καστανιώτης,   |c c1997.  
300 |a 140 σ. ;   |c 21 εκ. 
490 1 |a (Εικοστός αιώνας) 
500 |a Τίτλος πρωτοτύπου: L' étranger.  
650 0 |a French fiction. 
700 1 |a Καρακίτσου-Douge, Νίκη,  |e trlf 
700 1 |a Κασαμπάλογλου-Ρομπλέν, Μαρία,  |e trlf 
830 0 |a Εικοστός αιώνας 
852 |a INST  |b CHIOS  |e 20220110  |h 843 CAM  |p 005200039550  |q 005200039550  |t BK  |y 0 
852 |a INST  |b LESVOS  |e 20190214  |h 843 CAM  |p 005100060691  |q 005100060691  |t BK  |y 0 
852 |a INST  |b SYROS  |e 20050302  |h 843 CAM  |p 005500005437  |q 005500005437  |t BK  |y 0 
901 |a BIBL5-2005-1 
922 |a 5ΕΛΗ  |b 200411  |c 188  |d Πλάστιγγα 
950 |a 188-2004-11-03  
970 |a Τσουκαλά  |b Αλίκη  |z 28/03/2005